| 000 | 00963 a2200241 4500 | ||
|---|---|---|---|
| 005 | 20080924111043.0 | ||
| 008 | 080924t xxu||||| |||| 00| 1aeng d | ||
| 010 | _aENG-91122 | ||
| 020 | _c250.00 | ||
| 035 | _aEN-74655 | ||
| 037 | _bDBAD / PUB | ||
| 040 |
_adpl _bEnglish |
||
| 082 | _a230.64 | ||
| 245 |
_aApastamba-Samanya-Sutra or Yajnaparibhasa Sutra / _cedited with translation and exposition by Samiran Chandra Chakrabarti |
||
| 260 |
_aKolkata _bThe Asiatic Society _c2006 |
||
| 270 |
_a1 Park Street, _bKolkata _e700016 |
||
| 300 |
_axxx, 145p. _c23cm. (Hb) |
||
| 490 | _aBibliotheca Indica series; no. 328 | ||
| 650 |
_aHinduism _xRituals _xTexts _yEarly works to 1800 |
||
| 700 | _aChakrabarti, Samiran Chandra | ||
| 942 |
_adpl _cEN _2ddc _mAPA _h230.64 |
||
| 999 |
_c16210 _d16210 |
||